1779 1624 1280 1584 1120 1166 1716 1764 1256 1732 1908 1797 1659 1518 1463 1425 1336 1457 1911 1045 1958 1751 1014 1494 1969 1296 1714 1468 1563 1018 1411 1269 1491 1364 1767 1434 1620 1397 1701 1905 1117 1545 1294 1204 1999 1884 1666 1157 1879 1560 1931 1370 1179 1185 1659 1549 1290 1608 1107 1442 1035 1517 1479 1859 1196 1003 1412 1677 1141 1471 1952 1577 1114 1827 1998 1329 1595 1735 1520 1432 1011 1843 1809 1015 1381 1750 1507 1575 1511 1844 1671 1541 1017 1339 1869 1254 1205 1303 1616 BCNSPRNW ULIB Ver.6.0+V

เปลี่ยนเป็นภาษาไทย

Change to English
 แสดงรายละเอียดบรรณานุกรม
  กลับหน้าหลัก

Brief Record : Get Marc (ISO 2709) : E-mail record : QR code < ปิดหน้าต่าง
LEADER : 00000nam 2200000uu 4500
001    13399115244
003     ULIB
008    020711s2551 th a 000 0 tha d
020    ^a9789740468479
099    ^aนว.^bต181น
100    ^aตรี อภิรุม
245    ^aนาคี /^cตรี อภิรุม
260    ^aนนทบุรี :^bอุทยานความรู้,^c2551
300    ^a704 หน้า
945    ^p500^l0^i15031
999 ^a ทศพร เกษรทอง
รายการนี้ยังไม่มีแท็ก
คุณยังไม่ได้ล็อกอิน คุณสามารถมีกิจกรรมร่วมกับเว็บไซต์ได้ แต่ต้องล็อกอินก่อน ::
  ล็อกอิน

รายการสื่อสารสนเทศ

ลำดับที่ ประเภท เลขเรียก/บาร์โค้ด สถานที่ สถานะ
1. นวนิยาย
นวนิยาย
นว. ต181น  
  Barcode: 15031
ห้องสมุดวิทยาเขตสวรรค์ประชารักษ์
►นวนิยาย
บนชั้น
  ขอยืม

รายการใกล้เคียง
    ผู้แต่ง [ตรี อภิรุม]

BibComment


ยังไม่เคยถูกคอมเมนท์

คอมเมนท์ทรัพยากรรายการนี้
  คอมเมนท์: นาคี ตรี อภิรุม


 Copyright 2026. Bcnsprnw @Library